MARC details
| 000 -LEADER |
| fixed length control field |
05089nam a2200493 a 4500 |
| 008 - FIXED-LENGTH DATA ELEMENTS--GENERAL INFORMATION |
| fixed length control field |
120416s1989 ||||||||||||||||| || u |
| 050 ## - LIBRARY OF CONGRESS CALL NUMBER |
| Classification number |
T 353 Umi |
| 100 ## - MAIN ENTRY--PERSONAL NAME |
| Personal name |
Umino, Hiromitsu |
| 245 10 - TITLE STATEMENT |
| Title |
Technical drawing |
| Statement of responsibility, etc. |
By Hiromitsu Umino |
| 260 ## - PUBLICATION, DISTRIBUTION, ETC. |
| Place of publication, distribution, etc. |
Lusaka: |
| Name of publisher, distributor, etc. |
Japan Overseas Cooperation Volunteers |
| Date of publication, distribution, etc. |
1989 |
| 300 ## - PHYSICAL DESCRIPTION |
| Extent |
viii, 88p. : ill |
| 350 ## - |
| -- |
0.00 |
| 500 ## - GENERAL NOTE |
| General note |
11 copies in Chemical Engineering Department |
| 650 ## - SUBJECT ADDED ENTRY--TOPICAL TERM |
| Topical term or geographic name entry element |
ARCHITECTURAL DESIGN--EVALUATION |
| 650 ## - SUBJECT ADDED ENTRY--TOPICAL TERM |
| Topical term or geographic name entry element |
TECHNICAL DRAWING |
| 995 ## - |
| -- |
TEXTBOOKS (COMP.SCIENCE) |
| -- |
0.00 |
| -- |
03469 |
| -- |
CBU-SCHOOL TEXTBOOK COLLECTIONS |
| -- |
1 |
| -- |
0.00 |
| -- |
SCHOOL TEXTBOOK |
| -- |
AVAILABLE |
| -- |
Jul 16, 2009 |
| -- |
03469 |
| -- |
School Collections |
| 995 ## - |
| -- |
TEXTBOOKS (COMP.SCIENCE) |
| -- |
0.00 |
| -- |
3278 |
| -- |
CBU-SCHOOL TEXTBOOK COLLECTIONS |
| -- |
1 |
| -- |
0.00 |
| -- |
SCHOOL TEXTBOOK |
| -- |
11 |
| -- |
AVAILABLE |
| -- |
Jul 14, 2009 |
| -- |
3278 |
| -- |
Main Library Open Access Collection |
| 995 ## - |
| -- |
ANNEX COLLECTION (Main Library) |
| -- |
0.00 |
| -- |
716415 |
| -- |
CBU-MAIN LIBRARY (Kitwe) |
| -- |
5 |
| -- |
55.00 |
| -- |
T 353 Umi |
| -- |
1 |
| -- |
AVAILABLE |
| -- |
013283 |
| -- |
Annex Low-Usage Collection |
| 995 ## - |
| -- |
TEXTBOOKS (CHEM.ENG.) |
| -- |
0.00 |
| -- |
3719 |
| -- |
CBU-SCHOOL TEXTBOOK COLLECTIONS |
| -- |
1 |
| -- |
0.00 |
| -- |
SCHOOL TEXTBOOK |
| -- |
26 |
| -- |
AVAILABLE |
| -- |
Sep 3, 2009 |
| -- |
3719 |
| -- |
School Collections |
| 995 ## - |
| -- |
ANNEX COLLECTION (Main Library) |
| -- |
0.00 |
| -- |
716411 |
| -- |
CBU-MAIN LIBRARY (Kitwe) |
| -- |
7 |
| -- |
55.00 |
| -- |
T 353 Umi |
| -- |
4 |
| -- |
AVAILABLE |
| -- |
013286 |
| -- |
Annex Low-Usage Collection |
| 995 ## - |
| -- |
TEXTBOOKS (MIN.ENG.) |
| -- |
0.00 |
| -- |
03171 |
| -- |
CBU-SCHOOL TEXTBOOK COLLECTIONS |
| -- |
1 |
| -- |
0.00 |
| -- |
SCHOOL TEXTBOOK |
| -- |
22 |
| -- |
AVAILABLE |
| -- |
Aug 11, 2009 |
| -- |
03171 |
| -- |
School Collections |
| 995 ## - |
| -- |
ANNEX COLLECTION (Main Library) |
| -- |
0.00 |
| -- |
716407 |
| -- |
CBU-MAIN LIBRARY (Kitwe) |
| -- |
1 |
| -- |
55.00 |
| -- |
T 353 Umi |
| -- |
3 |
| -- |
AVAILABLE |
| -- |
013285 |
| -- |
Annex Low-Usage Collection |
| 995 ## - |
| -- |
MAIN LIBRARY OPEN ACCESS |
| -- |
0.00 |
| -- |
716412 |
| -- |
CBU-MAIN LIBRARY (Kitwe) |
| -- |
8 |
| -- |
55.00 |
| -- |
T 353 Umi |
| -- |
10 |
| -- |
AVAILABLE |
| -- |
013292 |
| -- |
Main Library Open Access Collection |
| 995 ## - |
| -- |
MAIN LIBRARY OPEN ACCESS |
| -- |
0.00 |
| -- |
716413 |
| -- |
CBU-MAIN LIBRARY (Kitwe) |
| -- |
10 |
| -- |
55.00 |
| -- |
T 353 Umi |
| -- |
7 |
| -- |
LOST |
| -- |
013289 |
| -- |
Main Library Open Access Collection |
| 995 ## - |
| -- |
TEXTBOOKS (COMP.SCIENCE) |
| -- |
0.00 |
| -- |
3280 |
| -- |
CBU-SCHOOL TEXTBOOK COLLECTIONS |
| -- |
1 |
| -- |
0.00 |
| -- |
SCHOOL TEXTBOOK |
| -- |
13 |
| -- |
AVAILABLE |
| -- |
Jul 14, 2009 |
| -- |
3280 |
| -- |
School Collections |
| 995 ## - |
| -- |
TEXTBOOKS (MIN.ENG.) |
| -- |
0.00 |
| -- |
03169 |
| -- |
CBU-SCHOOL TEXTBOOK COLLECTIONS |
| -- |
1 |
| -- |
0.00 |
| -- |
SCHOOL TEXTBOOK |
| -- |
20 |
| -- |
AVAILABLE |
| -- |
Aug 11, 2009 |
| -- |
03169 |
| -- |
School Collections |
| 995 ## - |
| -- |
TEXTBOOKS (CHEM.ENG.) |
| -- |
0.00 |
| -- |
3717 |
| -- |
CBU-SCHOOL TEXTBOOK COLLECTIONS |
| -- |
1 |
| -- |
0.00 |
| -- |
SCHOOL TEXTBOOK |
| -- |
24 |
| -- |
AVAILABLE |
| -- |
Sep 3, 2009 |
| -- |
3717 |
| -- |
School Collections |
| 995 ## - |
| -- |
MAIN LIBRARY OPEN ACCESS |
| -- |
0.00 |
| -- |
716414 |
| -- |
CBU-MAIN LIBRARY (Kitwe) |
| -- |
6 |
| -- |
55.00 |
| -- |
T 353 Umi |
| -- |
6 |
| -- |
AVAILABLE |
| -- |
013288 |
| -- |
Main Library Open Access Collection |
| 995 ## - |
| -- |
TEXTBOOKS (COMP.SCIENCE) |
| -- |
0.00 |
| -- |
03471 |
| -- |
CBU-SCHOOL TEXTBOOK COLLECTIONS |
| -- |
1 |
| -- |
0.00 |
| -- |
SCHOOL TEXTBOOK |
| -- |
AVAILABLE |
| -- |
Jul 16, 2009 |
| -- |
03471 |
| -- |
School Collections |
| 995 ## - |
| -- |
TEXTBOOKS (MIN.ENG.) |
| -- |
0.00 |
| -- |
03172 |
| -- |
CBU-SCHOOL TEXTBOOK COLLECTIONS |
| -- |
1 |
| -- |
0.00 |
| -- |
SCHOOL TEXTBOOK |
| -- |
23 |
| -- |
AVAILABLE |
| -- |
Aug 11, 2009 |
| -- |
03172 |
| -- |
School Collections |
| 995 ## - |
| -- |
ANNEX COLLECTION (Main Library) |
| -- |
0.00 |
| -- |
716408 |
| -- |
CBU-MAIN LIBRARY (Kitwe) |
| -- |
2 |
| -- |
55.00 |
| -- |
T 353 Umi |
| -- |
5 |
| -- |
AVAILABLE |
| -- |
013287 |
| -- |
Annex Low-Usage Collection |
| 995 ## - |
| -- |
TEXTBOOKS (MIN.ENG.) |
| -- |
0.00 |
| -- |
03170 |
| -- |
CBU-SCHOOL TEXTBOOK COLLECTIONS |
| -- |
1 |
| -- |
0.00 |
| -- |
SCHOOL TEXTBOOK |
| -- |
21 |
| -- |
AVAILABLE |
| -- |
Aug 11, 2009 |
| -- |
03170 |
| -- |
School Collections |
| 995 ## - |
| -- |
TEXTBOOKS (CHEM.ENG.) |
| -- |
0.00 |
| -- |
3718 |
| -- |
CBU-SCHOOL TEXTBOOK COLLECTIONS |
| -- |
1 |
| -- |
0.00 |
| -- |
SCHOOL TEXTBOOK |
| -- |
25 |
| -- |
AVAILABLE |
| -- |
Sep 3, 2009 |
| -- |
3718 |
| -- |
School Collections |
| 995 ## - |
| -- |
TEXTBOOKS (CHEM.ENG.) |
| -- |
0.00 |
| -- |
3721 |
| -- |
CBU-SCHOOL TEXTBOOK COLLECTIONS |
| -- |
1 |
| -- |
0.00 |
| -- |
SCHOOL TEXTBOOK |
| -- |
28 |
| -- |
AVAILABLE |
| -- |
Sep 3, 2009 |
| -- |
3721 |
| -- |
School Collections |
| 995 ## - |
| -- |
ANNEX COLLECTION (Main Library) |
| -- |
0.00 |
| -- |
716409 |
| -- |
CBU-MAIN LIBRARY (Kitwe) |
| -- |
3 |
| -- |
55.00 |
| -- |
T 353 Umi |
| -- |
2 |
| -- |
AVAILABLE |
| -- |
013284 |
| -- |
Annex Low-Usage Collection |
| 995 ## - |
| -- |
TEXTBOOKS (COMP.SCIENCE) |
| -- |
0.00 |
| -- |
03470 |
| -- |
CBU-SCHOOL TEXTBOOK COLLECTIONS |
| -- |
1 |
| -- |
0.00 |
| -- |
SCHOOL TEXTBOOK |
| -- |
AVAILABLE |
| -- |
Jul 16, 2009 |
| -- |
03470 |
| -- |
School Collections |
| 995 ## - |
| -- |
TEXTBOOKS (CHEM.ENG.) |
| -- |
0.00 |
| -- |
3720 |
| -- |
CBU-SCHOOL TEXTBOOK COLLECTIONS |
| -- |
1 |
| -- |
0.00 |
| -- |
SCHOOL TEXTBOOK |
| -- |
27 |
| -- |
AVAILABLE |
| -- |
Sep 3, 2009 |
| -- |
3720 |
| -- |
School Collections |
| 995 ## - |
| -- |
ANNEX COLLECTION (Main Library) |
| -- |
0.00 |
| -- |
716410 |
| -- |
CBU-MAIN LIBRARY (Kitwe) |
| -- |
4 |
| -- |
55.00 |
| -- |
T 353 Umi |
| -- |
9 |
| -- |
AVAILABLE |
| -- |
013291 |
| -- |
Annex Low-Usage Collection |
| 995 ## - |
| -- |
TEXTBOOKS (COMP.SCIENCE) |
| -- |
0.00 |
| -- |
03473 |
| -- |
CBU-SCHOOL TEXTBOOK COLLECTIONS |
| -- |
1 |
| -- |
0.00 |
| -- |
SCHOOL TEXTBOOK |
| -- |
AVAILABLE |
| -- |
Jul 16, 2009 |
| -- |
03473 |
| -- |
School Collections |
| 995 ## - |
| -- |
TEXTBOOKS (COMP.SCIENCE) |
| -- |
0.00 |
| -- |
03472 |
| -- |
CBU-SCHOOL TEXTBOOK COLLECTIONS |
| -- |
1 |
| -- |
0.00 |
| -- |
SCHOOL TEXTBOOK |
| -- |
AVAILABLE |
| -- |
Jul 16, 2009 |
| -- |
03472 |
| -- |
School Collections |
| 995 ## - |
| -- |
TEXTBOOKS (COMP.SCIENCE) |
| -- |
0.00 |
| -- |
3279 |
| -- |
CBU-SCHOOL TEXTBOOK COLLECTIONS |
| -- |
1 |
| -- |
0.00 |
| -- |
SCHOOL TEXTBOOK |
| -- |
12 |
| -- |
AVAILABLE |
| -- |
Jul 14, 2009 |
| -- |
3279 |
| -- |
School Collections |
| 995 ## - |
| -- |
ANNEX COLLECTION (Main Library) |
| -- |
0.00 |
| -- |
716416 |
| -- |
CBU-MAIN LIBRARY (Kitwe) |
| -- |
9 |
| -- |
55.00 |
| -- |
T 353 Umi |
| -- |
8 |
| -- |
AVAILABLE |
| -- |
013290 |
| -- |
Annex Low-Usage Collection |
| 995 ## - |
| -- |
TEXTBOOKS (MIN.ENG.) |
| -- |
0.00 |
| -- |
03168 |
| -- |
CBU-SCHOOL TEXTBOOK COLLECTIONS |
| -- |
1 |
| -- |
0.00 |
| -- |
SCHOOL TEXTBOOK |
| -- |
19 |
| -- |
AVAILABLE |
| -- |
Aug 11, 2009 |
| -- |
03168 |
| -- |
School Collections |
| 999 ## - |
| -- |
80958 |
| -- |
80958 |